KOHA-Header-6

Dictionary of English Language and Culture (Record no. 7073)

000 -LEADER
fixed length control field 00269nam a2200109Ia 4500
100 ## - MAIN ENTRY--AUTHOR NAME
Personal name Longman
245 #0 - TITLE STATEMENT
Title Dictionary of English Language and Culture
260 ## - PUBLICATION, DISTRIBUTION, ETC. (IMPRINT)
Place of publication England
Name of publisher Dorling
Year of publication 1992
300 ## - PHYSICAL DESCRIPTION
Number of Pages 1528
942 ## - ADDED ENTRY ELEMENTS (KOHA)
Koha item type Books
Holdings
Withdrawn status Lost status Collection code Permanent Location Current Location Shelving location Date acquired Full call number Accession Number Koha item type
    Dictionaries MAJU MAJU Shelf No.B28 2019-09-12 954.9 700 DICTIONARY

Powered by Koha